[Event "Recife Arraes Memorial 9th"]
[Site "Recife"]
[Date "2016.10.21"]
[Round "2.29"]
[White "Fonseca, Rogerio da Silva"]
[Black "Prisma, Zenil Da Costa"]
[Result "0-1"]
[WhiteElo "1336"]
[BlackElo "1739"]
[PlyCount "70"]
[EventDate "2016.10.21"]
[EventType "swiss"]
[EventRounds "6"]
[EventCountry "BRA"]
[SourceTitle "EXT 2022"]
[Source "ChessBase"]
[SourceDate "2021.10.06"]
[SourceVersion "1"]
[SourceVersionDate "2021.10.06"]
[SourceQuality "1"]

1. Nf3 Nf6 2. c4 c5 3. g3 e6 4. b3 d5 5. Bg2 Nc6 6. Bb2 Be7 7. 0-0 0-0 8. e3 Nb4 9. d4 dxc4 10. bxc4 Qc7 11. Qc2 Nxc2 12. Nc3 Nxa1 13. Rxa1 a6 14. Ne5 cxd4 15. exd4 Bd6 16. Nf3 Bd7 17. c5 Bxc5 18. dxc5 Bc6 19. Rc1 Rfd8 20. Ne2 Ne4 21. Be5 Qa5 22. Nc3 Nxc3 23. Bxc3 Qa3 24. Ne5 Qxc1+ 25. Bf1 Bb5 26. Kg2 Bxf1+ 27. Kf3 Qxc3+ 28. Kf4 Rd4+ 29. Kg5 Qd2+ 30. f4 Bh3 31. Nf3 Rd5+ 32. Kh4 Qg2 33. Ne1 Qf1 34. Nc2 g6 35. Ne3 Rh5# 0-1

[Event "Recife Arraes Memorial 8th"]
[Site "Recife"]
[Date "2015.05.02"]
[Round "3"]
[White "Azevedo, Edmundo Roberto Ram"]
[Black "Prisma, Zenil Da Costa"]
[Result "1/2-1/2"]
[WhiteElo "2050"]
[BlackElo "1738"]
[PlyCount "80"]
[EventDate "2015.05.01"]
[EventType "swiss"]
[EventRounds "6"]
[EventCountry "BRA"]
[SourceTitle "EXT 2018"]
[Source "ChessBase"]
[SourceDate "2017.10.13"]
[SourceVersion "1"]
[SourceVersionDate "2017.10.13"]
[SourceQuality "1"]

1. d4 Nf6 2. Nf3 e6 3. Bf4 d5 4. e3 Nbd7 5. Bd3 c5 6. c3 Be7 7. 0-0 Nh5 8. Be5 0-0 9. Nbd2 Nhf6 10. Rc1 Nxe5 11. Nxe5 c4 12. Bb1 Nd7 13. Nxd7 Bxd7 14. e4 dxe4 15. Bxe4 Qc7 16. Qe2 Rac8 17. f4 f5 18. Bb1 b5 19. Nf3 Bf6 20. Rce1 Rce8 21. Qd2 Bc6 22. Ne5 Bxe5 23. Rxe5 Rf6 24. Qe1 Qf7 25. Rf2 Qh5 26. Qe2 Rh6 27. Qxh5 Rxh5 28. Rfe2 Kf7 29. Rc5 Rc8 30. Bc2 Bd7 31. Rxc8 Bxc8 32. Re5 a6 33. Rc5 Bd7 34. Rc7 Ke7 35. Ra7 g5 36. Bd1 g4 37. h3 Rh4 38. hxg4 fxg4 39. g3 Rh3 40. Kg2 h5 1/2-1/2

[Event "Recife Arraes Memorial 5th"]
[Site "Recife"]
[Date "2012.09.08"]
[Round "4"]
[White "Prisma, Zenil Da Costa"]
[Black "Dantas, Francisco"]
[Result "1-0"]
[WhiteElo "1790"]
[BlackElo "2033"]
[PlyCount "120"]
[EventDate "2012.09.06"]
[EventType "swiss"]
[EventRounds "7"]
[EventCountry "BRA"]
[SourceTitle "EXT 2013"]
[Source "ChessBase"]
[SourceDate "2012.11.22"]
[SourceVersion "1"]
[SourceVersionDate "2012.11.22"]
[SourceQuality "1"]

1. d4 Nf6 2. c4 g6 3. Nf3 Bg7 4. Nc3 d6 5. Bg5 h6 6. Bh4 c6 7. h3 Nbd7 8. e3 0-0 9. Be2 Re8 10. 0-0 e5 11. d5 c5 12. Rb1 a6 13. Nd2 Qa5 14. Nb3 Qc7 15. Nd2 Rb8 16. a3 Nf8 17. Qc2 Bf5 18. e4 Bd7 19. f3 g5 20. Bf2 Ng6 21. b4 b6 22. Rb2 Nf4 23. Bd3 Qc8 24. Ne2 N6h5 25. bxc5 bxc5 26. Rxb8 Qxb8 27. Rb1 Qc8 28. Ng3 Nxg3 29. Bxg3 Ng6 30. Nf1 Qc7 31. Qb3 h5 32. Qb6 Rc8 33. Qxc7 Rxc7 34. Rb6 h4 35. Bh2 Bf8 36. Rxa6 Rb7 37. Kf2 Rb2+ 38. Be2 Rb7 39. a4 Rb4 40. a5 Rb2 41. Ra8 Ba4 42. Ne3 Nf4 43. Bxf4 exf4 44. Nf5 Bd1 45. a6 Rxe2+ 46. Kf1 Ra2 47. a7 Be2+ 48. Ke1 Bxc4 49. Nxd6 Bb3 50. Nb5 c4 51. Rc8 Kg7 52. Kf1 Ra1+ 53. Ke2 Ra2+ 54. Kf1 Ra1+ 55. Kf2 Ra2+ 56. Kg1 Bb4 57. a8Q Rxa8 58. Rxa8 c3 59. d6 c2 60. Rc8 Ba5 1-0

[Event "Recife Arraes Memorial 5th"]
[Site "Recife"]
[Date "2012.09.08"]
[Round "5"]
[White "Rocha, Vitor Firmo de Souz"]
[Black "Prisma, Zenil Da Costa"]
[Result "1-0"]
[WhiteElo "1959"]
[BlackElo "1790"]
[PlyCount "25"]
[EventDate "2012.09.06"]
[EventType "swiss"]
[EventRounds "7"]
[EventCountry "BRA"]
[SourceTitle "EXT 2013"]
[Source "ChessBase"]
[SourceDate "2012.11.22"]
[SourceVersion "1"]
[SourceVersionDate "2012.11.22"]
[SourceQuality "1"]

1. d4 Nf6 2. Nf3 d5 3. Bf4 e6 4. e3 Bd6 5. Bxd6 Qxd6 6. Nbd2 Bd7 7. Ne5 Nc6 8. f4 0-0 9. c3 a6 10. Bd3 b5 11. 0-0 Ne7 12. Rf3 Ne8 13. Bxh7+ 1-0

[Event "Natal Potiguar op"]
[Site "Natal"]
[Date "2012.06.09"]
[Round "6"]
[White "Camara, Jose Arruda"]
[Black "Prisma, Zenil Da Costa"]
[Result "0-1"]
[WhiteElo "1932"]
[BlackElo "1750"]
[PlyCount "88"]
[EventDate "2012.06.07"]
[EventType "swiss"]
[EventRounds "7"]
[EventCountry "BRA"]
[SourceTitle "CBM 148 Extra"]
[Source "ChessBase"]
[SourceDate "2012.06.22"]
[SourceVersion "1"]
[SourceVersionDate "2012.06.22"]
[SourceQuality "1"]

1. e4 c5 2. Nf3 d6 3. c3 Nc6 4. d4 cxd4 5. cxd4 Nf6 6. Nc3 a6 7. Bg5 Bg4 8. Be2 Qb6 9. Bxf6 gxf6 10. Nd5 Qa5+ 11. Kf1 Bg7 12. a3 e6 13. b4 Qd8 14. Ne3 Bxf3 15. gxf3 f5 16. d5 Bxa1 17. Qxa1 Ne5 18. f4 Ng6 19. dxe6 fxe6 20. exf5 exf5 21. Nd5 Rf8 22. Bh5 Qc8 23. Qg7 Qd7 24. Qxd7+ Kxd7 25. Nb6+ Ke6 26. Nxa8 Rxa8 27. Bxg6 hxg6 28. Ke2 Rc8 29. Rg1 Kf6 30. Rg3 Rc2+ 31. Ke3 d5 32. h3 b5 33. Kd4 Rxf2 34. Kxd5 Rxf4 35. Re3 Rh4 36. Rg3 Rc4 37. Kd6 f4 38. Rf3 Kf5 39. Kd5 g5 40. Rb3 g4 41. hxg4+ Kxg4 42. Rb1 f3 43. a4 f2 44. axb5 axb5 0-1

[Event "Joao Pessoa op 3rd"]
[Site "Joao Pessoa"]
[Date "2012.03.11"]
[Round "6"]
[White "Prisma, Zenil Da Costa"]
[Black "Lemos, Doriedson"]
[Result "0-1"]
[WhiteElo "1798"]
[BlackElo "2047"]
[PlyCount "54"]
[EventDate "2012.03.09"]
[EventType "swiss"]
[EventRounds "6"]
[EventCountry "BRA"]
[SourceTitle "CBM 147 Extra"]
[Source "ChessBase"]
[SourceDate "2012.04.24"]
[SourceVersion "1"]
[SourceVersionDate "2012.04.24"]
[SourceQuality "1"]

1. c4 e6 2. Nc3 d5 3. d4 Nf6 4. Nf3 c6 5. e3 Nbd7 6. Bd3 Bd6 7. 0-0 dxc4 8. Bxc4 0-0 9. Re1 b5 10. Bd3 b4 11. Ne4 Nxe4 12. Bxe4 Bb7 13. b3 Nf6 14. Bd3 c5 15. Bb2 cxd4 16. exd4 Rc8 17. Bc4 Nd5 18. Qe2 Qf6 19. Rad1 Nf4 20. Qe3 Qg6 21. Bf1 Rc2 22. Bc1 Nh3+ 23. Kh1 Nxf2+ 24. Kg1 Bf4 25. Qxf2 Rxf2 26. Kxf2 Qc2+ 27. Kg1 Bxf3 0-1

[Event "Joao Pessoa op 3rd"]
[Site "Joao Pessoa"]
[Date "2012.03.09"]
[Round "1"]
[White "Prisma, Zenil Da Costa"]
[Black "De Souza, Rafael Cabral"]
[Result "0-1"]
[WhiteElo "1798"]
[BlackElo "2102"]
[PlyCount "132"]
[EventDate "2012.03.09"]
[EventType "swiss"]
[EventRounds "6"]
[EventCountry "BRA"]
[SourceTitle "CBM 147 Extra"]
[Source "ChessBase"]
[SourceDate "2012.04.24"]
[SourceVersion "1"]
[SourceVersionDate "2012.04.24"]
[SourceQuality "1"]

1. Nf3 Nf6 2. c4 c5 3. Nc3 g6 4. e4 d6 5. d4 cxd4 6. Nxd4 Bg7 7. Be2 Nc6 8. Be3 Bd7 9. Rc1 0-0 10. 0-0 Nxd4 11. Bxd4 Bc6 12. f3 Nd7 13. Nd5 a5 14. Kh1 Nc5 15. b3 Bxd4 16. Qxd4 e5 17. Qe3 Ne6 18. g3 Nd4 19. Bd3 Bxd5 20. cxd5 a4 21. b4 Qb6 22. a3 Rac8 23. f4 f6 24. fxe5 fxe5 25. Rxc8 Rxc8 26. Qf2 Qc7 27. Be2 Qe7 28. Bg4 Rf8 29. Qxf8+ Qxf8 30. Rxf8+ Kxf8 31. Bd1 Nb5 32. Bxa4 Nxa3 33. Kg2 Ke7 34. Kf3 Nc4 35. Kg4 Kf6 36. h4 Nd2 37. Bc2 h5+ 38. Kh3 Nc4 39. Bd3 Ne3 40. Be2 Nc2 41. b5 Nd4 42. Bd3 Ke7 43. b6 Nb3 44. g4 Nc5 45. Bc2 hxg4+ 46. Kxg4 Kf6 47. Kf3 Nd7 48. Ba4 Nxb6 49. Bb5 Kg7 50. Kg3 Kh6 51. Kg4 Nc8 52. h5 Na7 53. Be8 gxh5+ 54. Bxh5 Nb5 55. Be8 Nc3 56. Kf5 b5 57. Ke6 b4 58. Kxd6 b3 59. Kxe5 b2 60. d6 b1Q 61. Bc6 Qb8 62. Ke6 Qc8+ 63. Bd7 Qg8+ 64. Ke5 Qg7+ 65. Ke6 Nxe4 66. Bc6 Qf6+ 0-1

[Event "Natal op-B 9th"]
[Site "Natal"]
[Date "2012.02.17"]
[Round "1"]
[White "Prisma, Zenil Da Costa"]
[Black "Dantas, David Luan de Barro"]
[Result "0-1"]
[WhiteElo "1798"]
[BlackElo "1854"]
[PlyCount "70"]
[EventDate "2012.02.17"]
[EventType "swiss"]
[EventRounds "7"]
[EventCountry "BRA"]
[SourceTitle "CBM 147 Extra"]
[Source "ChessBase"]
[SourceDate "2012.04.24"]
[SourceVersion "1"]
[SourceVersionDate "2012.04.24"]
[SourceQuality "1"]

1. Nf3 Nf6 2. d4 g6 3. g3 Bg7 4. Bg2 0-0 5. 0-0 d6 6. c4 Nbd7 7. Nc3 c5 8. e3 a6 9. Qc2 Rb8 10. Rd1 b5 11. cxb5 axb5 12. dxc5 Nxc5 13. Nd4 Bd7 14. b4 Na6 15. Qb3 Qb6 16. Rb1 Rfc8 17. Bd2 e5 18. Nde2 Be6 19. Qb2 Rc4 20. a3 d5 21. Bf1 Bd7 22. Be1 d4 23. exd4 exd4 24. Na2 d3 25. Rxd3 Bf5 26. Qb3 Bxd3 27. Qxd3 Rd8 28. Qf3 Ne4 29. Nec3 Ng5 30. Qg2 Bxc3 31. Nxc3 Rcd4 32. Nxb5 Rd1 33. Rxd1 Rxd1 34. Bc3 Qxb5 35. a4 Nf3+ 0-1

[Event "Recife Tavares Memorial"]
[Site "Recife"]
[Date "2011.12.10"]
[Round "3.1"]
[White "Prisma, Zenil Da Costa"]
[Black "Born, Ary"]
[Result "1-0"]
[WhiteElo "1768"]
[BlackElo "1427"]
[PlyCount "46"]
[EventDate "2011.12.08"]
[EventType "swiss"]
[EventRounds "5"]
[EventCountry "BRA"]
[SourceTitle "EXT 2022"]
[Source "ChessBase"]
[SourceDate "2021.10.06"]
[SourceVersion "1"]
[SourceVersionDate "2021.10.06"]
[SourceQuality "1"]

1. c4 Nf6 2. Nc3 e5 3. e3 c6 4. Nf3 Qe7 5. d4 d6 6. dxe5 dxe5 7. e4 Bg4 8. Be2 Nbd7 9. 0-0 0-0-0 10. h3 h5 11. Qa4 Kb8 12. Be3 Nc5 13. Qa5 b6 14. Qa3 Qe6 15. Bxc5 Bxc5 16. b4 Bxh3 17. gxh3 Qxh3 18. Ng5 Qg3+ 19. Kh1 Ng4 20. fxg3 Nf2+ 21. Kg2 Rdf8 22. bxc5 Ng4 23. Na4 Ne3+ 1-0